<?xml version="1.0" encoding="UTF-8"?>
<record
    xmlns:xsi="http://www.w3.org/2001/XMLSchema-instance"
    xsi:schemaLocation="http://www.loc.gov/MARC21/slim http://www.loc.gov/standards/marcxml/schema/MARC21slim.xsd"
    xmlns="http://www.loc.gov/MARC21/slim">

  <leader>01181nam0a2200301   4500</leader>
  <controlfield tag="001">RU\NLR\ONL2\12711</controlfield>
  <controlfield tag="005">20260208044125.0</controlfield>
  <datafield tag="035" ind1=" " ind2=" ">
    <subfield code="a">(NLR Aleph) 009660297</subfield>
  </datafield>
  <datafield tag="090" ind1=" " ind2=" ">
    <subfield code="a">13543343</subfield>
    <subfield code="c">13543343</subfield>
  </datafield>
  <datafield tag="100" ind1=" " ind2=" ">
    <subfield code="a">20090128d1954    u  y0rusy50      ca</subfield>
  </datafield>
  <datafield tag="101" ind1="0" ind2=" ">
    <subfield code="a">aze</subfield>
  </datafield>
  <datafield tag="102" ind1=" " ind2=" ">
    <subfield code="a">AZ</subfield>
  </datafield>
  <datafield tag="105" ind1=" " ind2=" ">
    <subfield code="a">y   |||||||||</subfield>
  </datafield>
  <datafield tag="200" ind1="1" ind2=" ">
    <subfield code="a">&#x414;&#x4D9;&#x43D;&#x43B;&#x438; &#x431;&#x438;&#x442;&#x43A;&#x438;&#x43B;&#x4D9;&#x440;&#x434;&#x4D9;&#x43D; j&#x4AF;&#x43A;&#x441;&#x4D9;&#x43A; &#x43C;&#x4D9;h&#x441;&#x443;&#x43B; &#x49D;&#x4E9;&#x442;&#x4AF;&#x440;&#x4D9;&#x43D; &#x433;&#x430;&#x431;&#x430;&#x433;&#x447;&#x44B;&#x43B; &#x43A;&#x43E;&#x43B;&#x445;&#x43E;&#x437;&#x43B;&#x430;&#x440;&#x44B;&#x43D; &#x438;&#x448; &#x442;&#x4D9;&#x4B9;&#x440;&#x4AF;&#x431;&#x4D9;&#x441;&#x438;</subfield>
    <subfield code="f">&#x425;. &#x411;. &#x410;&#x445;&#x443;&#x43D;&#x434;&#x43E;&#x432;</subfield>
  </datafield>
  <datafield tag="210" ind1=" " ind2=" ">
    <subfield code="a">&#x411;&#x430;&#x43A;&#x44B;</subfield>
    <subfield code="c">&#x410;&#x437;&#x44D;&#x440;&#x43D;&#x44D;&#x448;&#x440;</subfield>
    <subfield code="d">1954</subfield>
  </datafield>
  <datafield tag="215" ind1=" " ind2=" ">
    <subfield code="a">36 &#x441;.</subfield>
    <subfield code="d">20</subfield>
  </datafield>
  <datafield tag="225" ind1="1" ind2=" ">
    <subfield code="a">&#x413;&#x430;&#x431;&#x430;&#x433;&#x447;&#x44B;&#x43B; &#x43A;&#x43E;&#x43B;&#x445;&#x43E;&#x437;&#x43B;&#x430;&#x440;&#x44B;&#x43D; &#x442;&#x44D;&#x447;&#x440;&#x443;&#x431;&#x44D;&#x441;&#x438;</subfield>
  </datafield>
  <datafield tag="541" ind1="1" ind2=" ">
    <subfield code="6">z01790</subfield>
    <subfield code="a">&#x41E;&#x43F;&#x44B;&#x442; &#x440;&#x430;&#x431;&#x43E;&#x442;&#x44B; &#x43F;&#x435;&#x440;&#x435;&#x434;&#x43E;&#x432;&#x44B;&#x445; &#x43A;&#x43E;&#x43B;&#x445;&#x43E;&#x437;&#x43E;&#x432;, &#x43F;&#x43E;&#x43B;&#x443;&#x447;&#x438;&#x432;&#x448;&#x438;&#x445; &#x432;&#x44B;&#x441;&#x43E;&#x43A;&#x438;&#x435; &#x443;&#x440;&#x43E;&#x436;&#x430;&#x439; &#x437;&#x435;&#x440;&#x43D;&#x43E;&#x432;&#x44B;&#x445; &#x43A;&#x443;&#x43B;&#x44C;&#x442;&#x443;&#x440;</subfield>
    <subfield code="z">rus</subfield>
  </datafield>
  <datafield tag="686" ind1="1" ind2=" ">
    <subfield code="a">&#x423;9(2)32</subfield>
  </datafield>
  <datafield tag="700" ind1=" " ind2="1">
    <subfield code="a">&#x410;&#x445;&#x443;&#x43D;&#x434;&#x43E;&#x432;</subfield>
    <subfield code="b">&#x425;. &#x411;.</subfield>
    <subfield code="g">&#x425;&#x4D9;&#x43B;&#x438;&#x43B; &#x411;&#x430;h&#x448;&#x4D9;&#x43B;&#x438; &#x43E;&#x493;&#x43B;&#x443;</subfield>
    <subfield code="4">070</subfield>
  </datafield>
  <datafield tag="790" ind1=" " ind2="1">
    <subfield code="6">z01541</subfield>
    <subfield code="a">&#x410;&#x445;&#x443;&#x43D;&#x434;&#x43E;&#x432;</subfield>
    <subfield code="b">&#x425;. &#x411;.</subfield>
    <subfield code="g">&#x425;&#x430;&#x43B;&#x438;&#x43B; &#x411;&#x430;&#x445;&#x448;&#x430;&#x43B;&#x438; &#x43E;&#x433;&#x43B;&#x44B;</subfield>
    <subfield code="4">070</subfield>
  </datafield>
  <datafield tag="801" ind1=" " ind2="0">
    <subfield code="a">RU</subfield>
    <subfield code="b">NLR</subfield>
    <subfield code="c">20090209</subfield>
    <subfield code="g">PSBO</subfield>
  </datafield>
  <datafield tag="852" ind1=" " ind2=" ">
    <subfield code="a">NLR</subfield>
    <subfield code="b">&#x41E;&#x41D;&#x41B;</subfield>
    <subfield code="j">&#x410;&#x437;&#x435;&#x440;&#x431;./2-7163</subfield>
  </datafield>
  <datafield tag="942" ind1=" " ind2=" ">
    <subfield code="c">BOOK</subfield>
  </datafield>
  <datafield tag="980" ind1=" " ind2=" ">
    <subfield code="a">ONL_RF</subfield>
  </datafield>
  <datafield tag="980" ind1=" " ind2=" ">
    <subfield code="a">NB</subfield>
  </datafield>
</record>
